Tutorials for the general practice registrar

The book is prepared specifically to help the busy GP trainer ensure trainees get the most out of their tutorial time. Learning objectives are given for each tutorial, ensuring the knowledge, skills and attitudes of the trainee are tested. The topics covered include the common areas of practice and...

Πλήρης περιγραφή

Αποθηκεύτηκε σε:
Λεπτομέρειες βιβλιογραφικής εγγραφής
Κύριος συγγραφέας: Warren, Edward
Μορφή: Βιβλίο
Γλώσσα:Undetermined
Έκδοση: Boston, MA Butterworth-Heinemann 2002
Θέματα:
Ετικέτες: Προσθήκη ετικέτας
Δεν υπάρχουν, Καταχωρήστε ετικέτα πρώτοι!
Thư viện lưu trữ: Trung tâm Học liệu Trường Đại học Cần Thơ
LEADER 01026nam a2200217Ia 4500
001 CTU_126433
008 210402s9999 xx 000 0 und d
020 |c 54.95 
082 |a 616.09 
082 |b W288 
100 |a Warren, Edward 
245 0 |a Tutorials for the general practice registrar 
245 0 |c Edward Warren. 
260 |a Boston, MA 
260 |b Butterworth-Heinemann 
260 |c 2002 
520 |a The book is prepared specifically to help the busy GP trainer ensure trainees get the most out of their tutorial time. Learning objectives are given for each tutorial, ensuring the knowledge, skills and attitudes of the trainee are tested. The topics covered include the common areas of practice and those areas that trainees traditionally struggle with. Those intending to take the MRCGP examinations will find these tutorials to be a useful review aid 
650 |a Family medicine 
650 |x Case studies. 
904 |i Minh, Huỳnh Mai 
980 |a Trung tâm Học liệu Trường Đại học Cần Thơ